AI snake oil : What artificial intelligence can do, What it can't, and How to tell the difference (Record no. 3953)

MARC details
000 -LEADER
fixed length control field 00538nam a22001817a 4500
003 - CONTROL NUMBER IDENTIFIER
control field OSt
005 - DATE AND TIME OF LATEST TRANSACTION
control field 20260306160115.0
008 - FIXED-LENGTH DATA ELEMENTS--GENERAL INFORMATION
fixed length control field 260306b |||||||| |||| 00| 0 eng d
020 ## - INTERNATIONAL STANDARD BOOK NUMBER
International Standard Book Number 9780691288499
082 ## - DEWEY DECIMAL CLASSIFICATION NUMBER
Classification number 006.3
Item number NARA
100 ## - MAIN ENTRY--PERSONAL NAME
Personal name Narayanan, Arvind & Kapoor, Sayash
245 ## - TITLE STATEMENT
Title AI snake oil : What artificial intelligence can do, What it can't, and How to tell the difference
260 ## - PUBLICATION, DISTRIBUTION, ETC.
Place of publication, distribution, etc. New Jersey
Name of publisher, distributor, etc. Princeton University Press
Date of publication, distribution, etc. 2025
300 ## - PHYSICAL DESCRIPTION
Extent 360p
546 ## - LANGUAGE NOTE
Language note English
650 ## - SUBJECT ADDED ENTRY--TOPICAL TERM
Topical term or geographic name entry element Computer Science
942 ## - ADDED ENTRY ELEMENTS (KOHA)
Source of classification or shelving scheme Dewey Decimal Classification
Koha item type Book
Holdings
Withdrawn status Lost status Source of classification or shelving scheme Damaged status Not for loan Collection code Home library Current library Shelving location Date acquired Source of acquisition Cost, normal purchase price Inventory number Total Checkouts Full call number Barcode Date last seen Price effective from Koha item type
    Dewey Decimal Classification     Non-fiction RIC Library RIC Library General Stacks 03/06/2026 M/s Midland Books 599.00 MID003022364/28.02.2026   006.3 NARA 003231 03/06/2026 03/06/2026 Book

Venue

Rajasthan International Centre
Sansthan Path,JLN Marg, Jaipur- 302017
Phone: +91-7230904025